000 00470nam a2200181Ia 4500
005 20240823061416.0
008 240823s9999||||xx |||||||||||||| ||und||
041 _aENGLISH
082 _A005.133 N4
100 _a"Campbell,Joe"
245 0 _aC Programmer s Guide to Serial Communications
250 _a2nd
260 _c1994
_b"PHI,New Delhi"
500 _aTRANSFERED
650 _aComputer Communication
_bInformation Technology
942 _cBK
999 _c233455
_d233455